Calepino maya de motul / (Record no. 155370)

MARC details
000 -LEADER
fixed length control field 00798nam a22002057a 4500
005 - DATE AND TIME OF LATEST TRANSACTION
control field 20210323014144.0
008 - FIXED-LENGTH DATA ELEMENTS--GENERAL INFORMATION
fixed length control field 210323b mx ||||| |||| 00| 0 spa d
020 ## - INTERNATIONAL STANDARD BOOK NUMBER
International Standard Book Number 9688371173 (obra completa)
020 ## - INTERNATIONAL STANDARD BOOK NUMBER
International Standard Book Number 968837119X (tomo segundo)
050 04 - LIBRARY OF CONGRESS CALL NUMBER
Classification number PM3966
Item number C58 1984
100 1# - MAIN ENTRY--PERSONAL NAME
Personal name Ciudad Real, Antonio de,
Dates associated with a name 1551-1617,
245 10 - TITLE STATEMENT
Title Calepino maya de motul /
Statement of responsibility, etc Antonio de ciudad Real ; ed. de René Acuña
260 ## - PUBLICATION, DISTRIBUTION, ETC. (IMPRINT)
Place of publication, distribution, etc México :
Name of publisher, distributor, etc UNAM, Instituto de Investigaciones Filologicas,
Date of publication, distribution, etc 1984
300 ## - PHYSICAL DESCRIPTION
Extent 2 tomos :
Other physical details facsímil ;
Dimensions 24 cm
490 ## - SERIES STATEMENT
Series statement Filología. gramáticas y diccionarios ;
Volume number/sequential designation 2
650 #7 - SUBJECT ADDED ENTRY--TOPICAL TERM
Source of heading or term lemb
Topical term or geographic name as entry element Maya
Form subdivision Diccionarios
700 1# - ADDED ENTRY--PERSONAL NAME
Personal name Acuña, René,
Relator term editor
710 2# - ADDED ENTRY--CORPORATE NAME
Corporate name or jurisdiction name as entry element Universidad Nacional Autónoma de México. Instituto de Investigaciones Filológicas
942 ## - ADDED ENTRY ELEMENTS (KOHA)
Source of classification or shelving scheme Biblioteca del Cogreso de los Estados Unidos
Koha item type Libro
Holdings
Estado de pérdida Fuente de clasificación Estado del daño No para préstamo Ubicación permanente Ubicación actual Apartado o colección Fecha de adquisición Edición Dependencia de educación superior (DES) Área del conocimiento Clasificación Código de Barras Date last seen Número de copia Costo por reposición Tipo de recurso Total Checkouts
  Biblioteca del Cogreso de los Estados Unidos     Biblioteca del Instituto de Investigaciones Históricas Biblioteca del Instituto de Investigaciones Históricas Consulta 23/03/2021 1a ed. Humanidades Educación y Humanidades PM3966 C58 1984 IIH000030900 23/03/2021 C:1 T.II 1.00 Libro  
  Biblioteca del Cogreso de los Estados Unidos     Biblioteca del Instituto de Investigaciones Históricas Biblioteca del Instituto de Investigaciones Históricas Consulta 23/03/2021 1a ed. Humanidades Educación y Humanidades PM3966 C58 1984 IIH000030901 23/03/2021 C:2 T.II 1.00 Libro  
  Biblioteca del Cogreso de los Estados Unidos     Biblioteca del Instituto de Investigaciones Históricas Biblioteca del Instituto de Investigaciones Históricas Consulta 23/03/2021 1a ed. Humanidades Educación y Humanidades PM3966 C58 1984 IIH000030902 23/03/2021 C:1 T.I 1.00 Libro  
  Biblioteca del Cogreso de los Estados Unidos     Biblioteca del Instituto de Investigaciones Históricas Biblioteca del Instituto de Investigaciones Históricas Consulta 23/03/2021 1a ed. Humanidades Educación y Humanidades PM3966 C58 1984 IIH000030903 23/03/2021 C:2 T.I 1.00 Libro